000 01236nam a2200337 a 4500
001 000111173
003 CHAP
005 20220329144201.0
008 141210s2014 mx |sm |||||||spa d
010 _a107635
011 _a108607
040 _cCHAP
090 _aTesis
100 0 0 _aMartínez Cruz, Ramiro
_971954
245 1 0 _aModelo de evaluación de inversiones en proyectos del sector rural
_h[En línea]
_cpor Ramiro Martinez Cruz.
260 _aChapingo, Méx. :
_bEl autor,
_c2014.
500 _aPara ver el contenido del material haga clic en la liga
502 _aTesis (M.C. en Economía Agrícola y de los Reursos Naturales) -- UACH. División de Ciencas Económico Administrativas
590 _aE11695DGD
_b10
_c20141216
_lUCH01
_h1143
590 _aE5652GLJ
_b05
_c20141210
_lUCH01
_h1415
590 _aE5652GLJ
_b05
_c20141210
_lUCH01
_h1415
590 _aE5652GLJ
_b05
_c20141211
_lUCH01
_h1201
650 1 4 _aComunidades rurales.
_926254
650 1 4 _aDesarrollo rural
_zMéxico.
_9124616
650 1 4 _aFinanzas
_xEvaluación.
_940940
650 1 4 _aProyectos
_xFinanciamiento.
_992526
856 _aFinding aid
_uhttp://10.13.5.2/tesis/sist111173.pdf
_zTeclea aquí
901 _aBK
942 _cTESIS
942 _n0
999 _c107635
_d107635